| 000 | 01768nam a2200445 i 4500 | ||
|---|---|---|---|
| 001 | 97402 | ||
| 003 | FlNmELB | ||
| 005 | 20241217172653.0 | ||
| 006 | m o d | | ||
| 007 | cr cnu|||||||| | ||
| 008 | 141005s2007 cu ob 001 0 spa d | ||
| 020 | _a9789591605399 (e book) | ||
| 035 | _a(MiAaPQ)EBC3174839 | ||
| 035 | _a(Au-PeEL)EBL3174839 | ||
| 035 | _a(CaPaEBR)ebr10179643 | ||
| 035 | _a(OCoLC)928704632 | ||
| 040 |
_aFINmELB _bspa _erda _cFINmELB |
||
| 050 | 4 |
_aTX546 _bE776 2007 |
|
| 080 | _a664 | ||
| 082 | 0 |
_a664.07 _223 |
|
| 100 | 1 | _aEspinosa Manfugás, Julia. | |
| 245 | 1 | 0 |
_aEvaluación sensorial de los alimentos / _cJulia Espinosa Manfugás ; edición Raul G. Torricella Morales ; corrección Luz María Rodríguez Cabral. |
| 264 | 1 |
_aLa Habana : _bEditorial Universitaria, _c2007. |
|
| 300 | _a1 recurso en línea (xii, 115 páginas) | ||
| 336 |
_atexto _btxt _2rdacontent/spa |
||
| 337 |
_acomputadora _bc _2rdamedia/spa |
||
| 338 |
_arecurso en línea _bcr _2rdacarrier/spa |
||
| 500 | _aContiene índice. | ||
| 504 | _aContiene bibliografía al final de los capítulos. | ||
| 588 | _aDescripción basada en recurso en línea; Título de la página del título en PDF (e-libro, visto october 5, 2014). | ||
| 590 | _aRecurso electrónico. Santa Fe, Arg.: e-libro, 2015. Disponible vía World Wide Web. El acceso puede estar limitado para las bibliotecas afiliadas a e-libro. | ||
| 650 | 0 |
_aFood _xSensory evaluation. |
|
| 650 | 0 |
_aFood _xAnalysis. |
|
| 650 | 4 | _aAlimento. | |
| 655 | 4 | _aLibros electrónicos. | |
| 700 | 1 |
_aTorricella Morales, Raul G, _eeditor. |
|
| 700 | 1 |
_aRodríguez Cabral, Luz María, _ecorrección. |
|
| 797 | 2 | _ae-libro, Corp. | |
| 856 | 4 | 0 | _uhttps://elibro.net/ereader/politecnicointernacional/71335 |
| 999 |
_c97402 _d97402 |
||